Решение проблем планировки парковок при строительстве жилых зданий, на примере жилого дома в г. Томске; Проблемы геологии и освоения недр; Т. 1

Bibliografiske detaljer
Parent link:Проблемы геологии и освоения недр: труды XX Международного симпозиума имени академика М. А. Усова студентов и молодых ученых, посвященного 120-летию со дня основания Томского политехнического университета, Томск, 4-8 апреля 2016 г./ Национальный исследовательский Томский политехнический университет (ТПУ), Институт природных ресурсов (ИПР) ; Общество инженеров-нефтяников, международная некоммерческая организация, Студенческий чаптер ; под ред. А. Ю. Дмитриева.— , 2016
Т. 1.— 2016.— [С. 763-765]
Hovedforfatter: Макажанова Ж. Е.
Institution som forfatter: Национальный исследовательский Томский политехнический университет (ТПУ) Институт природных ресурсов (ИПР) Кафедра общей геологии и землеустройства (ОГЗ)
Andre forfattere: Серяков С. В. Сергей Владимирович (научный руководитель)
Summary:Заглавие с экрана
Sprog:russisk
Udgivet: 2016
Serier:Землеустройство: наука и практика
Fag:
Online adgang:http://earchive.tpu.ru/handle/11683/31799
Format: MixedMaterials Electronisk Book Chapter
KOHA link:https://koha.lib.tpu.ru/cgi-bin/koha/opac-detail.pl?biblionumber=619654

MARC

LEADER 00000naa2a2200000 4500
001 619654
005 20231101133055.0
035 |a (RuTPU)RU\TPU\conf\18090 
035 |a RU\TPU\conf\18089 
090 |a 619654 
100 |a 20160825d2016 k y0rusy50 ca 
101 0 |a rus 
102 |a RU 
105 |a y z 100zy 
135 |a drcn ---uucaa 
181 0 |a i  
182 0 |a b 
200 1 |a Решение проблем планировки парковок при строительстве жилых зданий, на примере жилого дома в г. Томске  |f Ж. Е. Макажанова  |g науч. рук. С. В. Серяков 
203 |a Текст  |c электронный 
225 1 |a Землеустройство: наука и практика 
230 |a 1 компьютерный файл (pdf; 355 Kb) 
300 |a Заглавие с экрана 
320 |a [Библиогр.: с. 765 (5 назв.)] 
461 1 |0 (RuTPU)RU\TPU\conf\17456  |t Проблемы геологии и освоения недр  |o труды XX Международного симпозиума имени академика М. А. Усова студентов и молодых ученых, посвященного 120-летию со дня основания Томского политехнического университета, Томск, 4-8 апреля 2016 г.  |o в 2 т.  |f Национальный исследовательский Томский политехнический университет (ТПУ), Институт природных ресурсов (ИПР) ; Общество инженеров-нефтяников, международная некоммерческая организация, Студенческий чаптер ; под ред. А. Ю. Дмитриева  |d 2016 
463 1 |0 (RuTPU)RU\TPU\conf\17457  |t Т. 1  |v [С. 763-765]  |d 2016 
610 1 |a труды учёных ТПУ 
610 1 |a электронный ресурс 
610 1 |a планирование 
610 1 |a парковки 
610 1 |a жилые здания 
610 1 |a Томск 
700 1 |a Макажанова  |b Ж. Е. 
702 1 |a Серяков  |b С. В.  |c геолог  |c доцент Томского политехнического университета, кандидат геолого-минералогических наук  |f 1981-  |g Сергей Владимирович  |2 stltpush  |4 727 
712 0 2 |a Национальный исследовательский Томский политехнический университет (ТПУ)  |b Институт природных ресурсов (ИПР)  |b Кафедра общей геологии и землеустройства (ОГЗ)  |h 5946  |2 stltpush  |3 (RuTPU)RU\TPU\col\18663 
801 2 |a RU  |b 63413507  |c 20160929  |g RCR 
856 4 |u http://earchive.tpu.ru/handle/11683/31799 
942 |c BK